000 00502nam a2200181Ia 4500
001 18278
005 20260306171619.0
008 260306s9999||||xx |||||||||||||| ||und||
041 _aESP
082 _a658.402
_bK22 2008
100 _aKaplan, Robert S.
_eAUT
245 4 _aThe execution premium:
_bIntegrando la estrategia y las operaciones para lograr ventajas competitivas
260 _c2008
300 _a392 páginas :
_c22 cm.
650 _aGEN
654 _aCAN
942 _cLIB
_dJUS
_fJUS
_2ddc
_n
999 _c18278
_d18278